00650nam a2200193 i 450000100060000000300090000600500170001500700030003200800410003510000290007624500770010525000150018226000400019730000220023770000260025985200320028599900170031795201220033430233ES-MaACL20230906154147.0t|030124s1969 sp ||||1| spa d1 aBassani, Giorgio.92630210aDetrás de la puerta / cGiorgio Bassani ; [traducción Sergio Pitol]. a[1ª ed.]. aBarcelona : bSeix Barral, c[1969] a149 p. ; c20 cm.1 aPitol, Sergio.992416 aES-MaACLjC-33802 bR.72788 c30233d30233 00104070aATENEOMbATENEOMcDEPO2d2008-01-17eSCl0oC-33802p1031212r2023-02-23 00:00:00w2023-02-23yMONOGRAFIA